Fundamentals of biochemistry : Life at the molecular level
This text uses a more brief and qualitative approach to present biochemistry with chemical rigor, focusing on the structures of biomolecules, chemical mechanisms, and evolutionary relationships. It is written to impart a sense of intellectual history of biochemistry, an understanding of the tools a...
Đã lưu trong:
| 主要作者: | |
|---|---|
| 格式: | 图书 |
| 语言: | Undetermined |
| 出版: |
Hoboken, N.J.
John Wiley & Sons
2006
|
| 主题: | |
| 标签: |
添加标签
没有标签, 成为第一个标记此记录!
|
| Thư viện lưu trữ: | Trung tâm Học liệu Trường Đại học Cần Thơ |
|---|
| LEADER | 01008nam a2200217Ia 4500 | ||
|---|---|---|---|
| 001 | CTU_191907 | ||
| 008 | 210402s9999 xx 000 0 und d | ||
| 020 | |c 57.04 | ||
| 082 | |a 572 | ||
| 082 | |b V876 | ||
| 100 | |a Voet, Donald | ||
| 245 | 0 | |a Fundamentals of biochemistry : | |
| 245 | 0 | |b Life at the molecular level | |
| 245 | 0 | |c Donald Voet, Judith G. Voet, Charlotte W. Pratt | |
| 260 | |a Hoboken, N.J. | ||
| 260 | |b John Wiley & Sons | ||
| 260 | |c 2006 | ||
| 520 | |a This text uses a more brief and qualitative approach to present biochemistry with chemical rigor, focusing on the structures of biomolecules, chemical mechanisms, and evolutionary relationships. It is written to impart a sense of intellectual history of biochemistry, an understanding of the tools and approaches used to solve biochemical puzzles, and a hint of the excitement that accompanies new discoveries. | ||
| 650 | |a Biochemistry,Hoá sinh | ||
| 904 | |i Trúc | ||
| 980 | |a Trung tâm Học liệu Trường Đại học Cần Thơ | ||